Подробности
| 000 -МАРКЕР |
| контрольное поле |
02333nam0a2200397 4500 |
| 001 - ИДЕНТИФИКАТОР ЗАПИСИ |
| контрольное поле |
RU\NLR\bibl\1321441 |
| 005 - ИДЕНТИФИКАТОР ВЕРСИИ |
| контрольное поле |
20260408202709.0 |
| 010 ## - МЕЖДУНАРОДНЫЙ СТАНДАРТНЫЙ НОМЕР КНИГИ (ISBN) |
| Номер (ISBN) |
978-5-7944-1152-2 |
| Тираж |
100 |
| 021 ## - НОМЕР ГОСУДАРСТВЕННОЙ РЕГИСТРАЦИИ |
| Код страны |
российская федерация |
| Номер |
2008-94343 |
| Номер Листа государственной регистраци |
5530 |
| 035 ## - ДРУГИЕ СИСТЕМНЫЕ НОМЕРА |
| Идентификатор записи |
(nilc)EL/0000233487 |
| 035 ## - ДРУГИЕ СИСТЕМНЫЕ НОМЕРА |
| Идентификатор записи |
(NLR Aleph) 001306782 |
| 100 ## - ДАННЫЕ ОБЩЕЙ ОБРАБОТКИ |
| Данные общей обработки |
20081215d2008 |||y0rusy50 ca |
| 101 0# - ЯЗЫК РЕСУРСА |
| Язык текста, звукозаписи и т.д. |
русский |
| 102 ## - СТРАНА ПУБЛИКАЦИИ ИЛИ ПРОИЗВОДСТВА |
| Страна публикации |
российская федерация |
| 105 ## - ПОЛЕ КОДИРОВАННЫХ ДАННЫХ: ТЕКСТОВЫЕ МАТЕРИАЛЫ, МОНОГРАФИЧЕСКИЕ |
| Кодированные данные о монографическом текстовом документе |
a ||||||||| |
| 200 1# - ЗАГЛАВИЕ И СВЕДЕНИЯ ОБ ОТВЕТСТВЕННОСТИ |
| Основное заглавие |
Социологический портрет Пермского края: региональные социокультурные традиции в условиях политико-административных инноваций |
| Сведения, относящиеся к заглавию |
монография |
| Первые сведения об ответственности |
[Плотникова Е.Б., Борисова Н.В., Германов И.А. и др.] |
| Последующие сведения об ответственности |
под общ. ред. Е.Б. Плотниковой и Н.В. Борисовой |
| Первые сведения об ответственности |
Федер. агентство по образованию, Гос. образоват. учреждение высш. проф. образования "Перм. гос. ун-т" |
| 210 ## - ПУБЛИКАЦИЯ, РАСПРОСТРАНЕНИЕ И ДР. |
| Место издания, распространения и т.д. |
Пермь |
| Имя издателя, распространителя и т. д. |
Редакционно-издательский отдел Пермского государственного университета |
| Дата издания, распространения и т.д. |
2008 |
| 215 ## - ФИЗИЧЕСКАЯ ХАРАКТЕРИСТИКА |
| Специфическое обозначение материала и объем |
164 с. |
| Другие сведения о физической характеристике |
ил. |
| Размеры |
20 |
| 300 ## - ОБЩИЕ ПРИМЕЧАНИЯ |
| Текст примечания |
Авт. указаны на обороте тит.л. |
| 320 ## - ПРИМЕЧАНИЯ О НАЛИЧИИ В ДОКУМЕНТЕ БИБЛИОГРАФИИ / УКАЗАТЕЛЯ |
| Текст примечания |
Библиогр. в подстроч. примеч. |
| 607 ## - ГЕОГРАФИЧЕСКОЕ НАИМЕНОВАНИЕ КАК ПРЕДМЕТ |
| Географическое наименование |
Пермский край |
| Тематический подзаголовок |
Социальное развитие |
| -- |
Социологические исследования |
| Идентификатор авторитетной/нормативной записи |
RU\NLR\AUTH\661512507 |
| Системный номер авторитетной/нормативной записи |
2556500 |
| 686 ## - ИНДЕКСЫ ДРУГИХ КЛАССИФИКАЦИЙ |
| Индекс |
60.59(2Рос) |
| Издание |
LBC/RL |
| Код системы |
|
| 686 ## - ИНДЕКСЫ ДРУГИХ КЛАССИФИКАЦИЙ |
| Индекс |
С51(2Р-4Пе)74 |
| 701 #1 - ИМЯ ЛИЦА - АЛЬТЕРНАТИВНАЯ ОТВЕТСТВЕННОСТЬ |
| Начальный элемент ввода |
Плотникова |
| Часть имени, кроме начального элемента ввода |
Е. Б. |
| Расширение инициалов личного имени |
Елена Борисовна |
| Код отношения |
Автор |
| 701 #1 - ИМЯ ЛИЦА - АЛЬТЕРНАТИВНАЯ ОТВЕТСТВЕННОСТЬ |
| Код отношения |
Автор |
| Материалы, к которым относится поле |
rus |
| Графика поля |
Кириллица |
| Начальный элемент ввода |
Борисова |
| Часть имени, кроме начального элемента ввода |
Н. В. |
| Дополнения к именам, кроме дат |
канд. полит. наук |
| Расширение инициалов личного имени |
Надежда Владимировна |
| Идентификатор авторитетной/нормативной записи |
RU\NLR\auth\7726808 |
| Системный номер авторитетной/нормативной записи |
9846 |
| 701 #1 - ИМЯ ЛИЦА - АЛЬТЕРНАТИВНАЯ ОТВЕТСТВЕННОСТЬ |
| Начальный элемент ввода |
Германов |
| Часть имени, кроме начального элемента ввода |
И. А. |
| Расширение инициалов личного имени |
Игорь Анатольевич |
| Код отношения |
Автор |
| 712 02 - НАИМЕНОВАНИЕ ОРГАНИЗАЦИИ - ВТОРИЧНАЯ ОТВЕТСТВЕННОСТЬ |
| Код отношения |
Прочие |
| Начальный элемент ввода |
Пермский государственный университет |
| Идентификатор авторитетной/нормативной записи |
RU\NLR\AUTH\889941282 |
| Системный номер авторитетной/нормативной записи |
377407 |
| 801 #0 - ИСТОЧНИК ЗАПИСИ |
| Страна |
российская федерация |
| Организация |
Пермская ГОУБ |
| Дата составления |
20081215 |
| Правила каталогизации |
rcr |
| 801 #1 - ИСТОЧНИК ЗАПИСИ |
| Страна |
российская федерация |
| Организация |
Пермская ГОУБ |
| Дата составления |
20081215 |
| Источник данных |
rusmarc |
| 801 #2 - ИСТОЧНИК ЗАПИСИ |
| Страна |
российская федерация |
| Организация |
NLR |
| Дата составления |
20090129 |
| Правила каталогизации |
rcr |
| 942 ## - ДОПОЛНИТЕЛЬНЫЕ ЭЛЕМЕНТЫ ЗАПИСИ (АБИС) |
| Тип экземпляра АБИС |
Книга |
| 980 ## - КОЛЛЕКЦИЯ |
| Название коллекции |
Национальная библиография |
| 980 ## - КОЛЛЕКЦИЯ |
| Название коллекции |
НБР |